[Event "Australian-ch 2018"]
[Site "Sydney"]
[Date "2018.01.03"]
[Round "3"]
[White "Ferozkohi, Ihsan"]
[Black "Lane, Gary W"]
[Result "0-1"]
[WhiteElo "2130"]
[BlackElo "2401"]
[Annotator "ChessBase"]
[PlyCount "112"]
[EventDate "2018.01.02"]
[EventType "tourn"]
[EventCountry "AUS"]
[SourceTitle "playchess.com"]
[Source "ChessBase"]
[SourceQuality "1"]
[TimeControl "40/5400+30:1800+30"]

1. Nf3 {[%emt 0:00:00]} d5 {[%emt 0:00:16]} 2. d4 {[%emt 0:00:00]} Nf6 {[%emt 0:00:14]} 3. g3 {[%emt 0:00:15]} c6 {[%emt 0:01:40]} 4. Bg2 {[%emt 0:00:15]} Nbd7 {[%emt 0:00:48]} 5. O-O {[%emt 0:01:03]} e6 {[%emt 0:00:14]} 6. Nbd2 {[%emt 0:01:23]} Bd6 {[%emt 0:04:33]} 7. e4 {[%emt 0:01:12]} dxe4 {[%emt 0:06:19]} 8. Ng5 {[%emt 0:00:10]} O-O {[%emt 0:01:01]} 9. Ndxe4 {[%emt 0:00:42]} Be7 {[%emt 0:03:57]} 10. Qd3 {[%emt 0:01:51]} Nxe4 {[%emt 0:06:09]} 11. Nxe4 {[%emt 0:01:18]} e5 {[%emt 0:04:06]} 12. h4 {[%emt 0:04:54]} h6 {[%emt 0:05:53]} 13. d5 {[%emt 0:04:44]} cxd5 {[%emt 0:12:19]} 14. Qxd5 {[%emt 0:00:11]} Qc7 {[%emt 0:00:04]} 15. Qb3 {[%emt 0:01:30]} Nb6 {[%emt 0:16:28]} 16. Qc3 {[%emt 0:10:34]} Nd5 {[%emt 0:04:24]} 17. Qxc7 {[%emt 0:03:49]} Nxc7 {[%emt 0:00:04]} 18. Be3 {[%emt 0:02:33]} b6 {[%emt 0:08:41]} 19. Rfd1 {[%emt 0:04:38]} Bg4 {[%emt 0:01:36]} 20. f3 {[%emt 0:05:26]} Be6 {[%emt 0:00:29]} 21. Bf2 {[%emt 0:14:26]} Rad8 {[%emt 0:06:25]} 22. b3 {[%emt 0:00:36]} Ba3 {[%emt 0:05:02]} 23. c4 {[%emt 0:03:26]} Na6 {[%emt 0:02:18]} 24. Nc3 {[%emt 0:04:24]} Bb2 {[%emt 0:00:15]} 25. Rxd8 {[%emt 0:00:17]} Rxd8 {[%emt 0:02:05]} 26. Rd1 {[%emt 0:00:07]} Rxd1+ {[%emt 0:01:26]} 27. Nxd1 {[%emt 0:00:06]} Ba1 {[%emt 0:00:15]} 28. Be1 {[%emt 0:08:09]} Bd4+ {[%emt 0:00:54]} 29. Bf2 {[%emt 0:04:16]} Nb4 {[%emt 0:00:14]} 30. Bxd4 {[%emt 0:03:34]} exd4 {[%emt 0:00:02]} 31. a3 {[%emt 0:06:58]} Nc2 {[%emt 0:00:05]} 32. Bf1 {[%emt 0:00:52]} Nxa3 {[%emt 0:00:56]} 33. Bd3 {[%emt 0:00:12]} Kf8 {[%emt 0:00:30]} 34. Nf2 {[%emt 0:01:56]} Ke7 {[%emt 0:00:23]} 35. f4 {[%emt 0:01:04]} b5 {[%emt 0:02:33]} 36. f5 {[%emt 0:02:06]} bxc4 {[%emt 0:00:16]} 37. fxe6 {[%emt 0:00:18]} cxd3 {[%emt 0:00:09]} 38. exf7 {[%emt 0:03:49]} d2 {[%emt 0:00:22]} 39. Kf1 {[%emt 0:00:07]} d3 {[%emt 0:01:03]} 40. Nd1 {[%emt 0:00:20]} Nc2 {[%emt 0:30:58]} 41. Kf2 {[%emt 0:30:26]} a5 {[%emt 0:03:12]} 42. Kf3 {[%emt 0:00:44]} Nd4+ {[%emt 0:00:00]} 43. Ke4 {[%emt 0:00:00]} Nxb3 {[%emt 0:00:00]} 44. Kxd3 {[%emt 0:00:00]} Kxf7 {[%emt 0:00:00]} 45. Kc3 {[%emt 0:00:00]} a4 {[%emt 0:00:00]} 46. Kb4 {[%emt 0:00:00]} Nc5 {[%emt 0:00:00]} 47. g4 {[%emt 0:00:00]} Ke6 {[%emt 0:00:00]} 48. Kc3 {[%emt 0:00:00]} a3 {[%emt 0:00:00]} 49. Kc2 {[%emt 0:00:00]} Nd3 {[%emt 0:00:00]} 50. Nc3 {[%emt 0:00:00]} Nb4+ {[%emt 0:00:00]} 51. Kb3 {[%emt 0:00:00]} a2 {[%emt 0:00:00]} 52. Kb2 {[%emt 0:00:00]} Ke5 {[%emt 0:00:00]} 53. g5 {[%emt 0:00:00]} h5 {[%emt 0:00:00]} 54. Nd1 {[%emt 0:00:00]} Kf4 {[%emt 0:00:00]} 55. Nf2 {[%emt 0:00:00]} Kf3 {[%emt 0:00:00]} 56. Nd1 {[%emt 0:00:00]} Ke2 {[%emt 0:00:00]} 0-1

[Event "Australian-ch 2018"]
[Site "Sydney"]
[Date "2018.01.03"]
[Round "3"]
[White "Huynh, Arthur"]
[Black "Nakauchi, Gene"]
[Result "0-1"]
[WhiteElo "2042"]
[BlackElo "2208"]
[Annotator "ChessBase"]
[PlyCount "50"]
[EventDate "2018.01.02"]
[EventType "tourn"]
[EventCountry "AUS"]
[SourceTitle "playchess.com"]
[Source "ChessBase"]
[SourceQuality "1"]
[TimeControl "40/5400+30:1800+30"]

1. d4 Nf6 2. c4 c5 3. d5 e6 4. Nc3 exd5 5. cxd5 d6 6. g3 g6 7. Bg2 Bg7 8. Nf3 O-O 9. O-O h6 10. Nd2 a6 11. a4 Nbd7 12. e4 Ne5 13. Qe2 Nh7 14. f4 Bg4 15. Nf3 Nxf3+ 16. Bxf3 Bxf3 17. Qxf3 Re8 18. a5 b5 19. axb6 Qxb6 20. Kg2 Qb3 21. Rf2 Bd4 22. Be3 Nf6 23. Ra3 Qb7 24. e5 Bxe3 25. Qxe3 Ng4 0-1

[Event "Australian-ch 2018"]
[Site "Sydney"]
[Date "2018.01.03"]
[Round "3"]
[White "Yang, Ray"]
[Black "Silver, Dmitri"]
[Result "1/2-1/2"]
[WhiteElo "2003"]
[BlackElo "1905"]
[Annotator "NA"]
[PlyCount "101"]
[EventDate "2018.01.02"]
[EventType "tourn"]
[EventCountry "AUS"]
[SourceTitle "playchess.com"]
[Source "ChessBase"]
[SourceQuality "1"]
[TimeControl "40/5400+30:1800+30"]

1. d4 d5 2. c4 c6 3. cxd5 cxd5 4. Bf4 Nc6 5. e3 Nf6 6. Nc3 e6 7. Bd3 Bd6 8. Bxd6 Qxd6 9. f4 O-O 10. Nf3 Nb4 11. Bb1 Qa6 12. a3 Nc6 13. Bd3 Qb6 14. O-O Bd7 15. Na4 Qd8 16. Nc5 Rb8 17. Rc1 a5 18. Ne5 Be8 19. Rf3 g6 20. Rh3 Nxe5 21. fxe5 Nd7 22. Qg4 Nxc5 23. Rxc5 b6 24. Rc2 f6 25. exf6 Qxf6 26. Rf3 Qe7 27. Rxf8+ Qxf8 28. Qxe6+ Bf7 29. Qf6 Re8 30. Qf4 Qe7 31. Rf2 Kg7 32. h4 Bg8 33. Kh2 Qxe3 34. Qf6+ Kh6 35. Be2 Qe7 36. Qf4+ Kg7 37. h5 gxh5 38. Bxh5 Rf8 39. Qg3+ Kh6 40. Re2 Qg5 41. Re5 Rf5 42. Rxf5 Qxf5 43. Bf3 Qf6 44. Qh3+ Kg7 45. Qg4+ Kf8 46. Kg3 Bf7 47. Qf4 Kg7 48. Qxf6+ Kxf6 49. Kf4 h6 50. g4 Be6 51. Be2 1/2-1/2

[Event "Australian-ch 2018"]
[Site "Sydney"]
[Date "2018.01.03"]
[Round "3"]
[White "Willathgamuwa, Rowan"]
[Black "Reilly, Tim"]
[Result "0-1"]
[WhiteElo "1980"]
[BlackElo "2169"]
[Annotator "ChessBase"]
[PlyCount "48"]
[EventDate "2018.01.02"]
[EventType "tourn"]
[EventCountry "AUS"]
[SourceTitle "playchess.com"]
[Source "ChessBase"]
[SourceQuality "1"]
[TimeControl "40/5400+30:1800+30"]

1. Nf3 g6 2. g3 Bg7 3. Bg2 e5 4. d3 d6 5. c4 f5 6. Nc3 Nf6 7. O-O O-O 8. Rb1 Nc6 9. b4 h6 10. Bd2 g5 11. e3 Be6 12. Qb3 f4 13. exf4 exf4 14. Rfe1 Bg4 15. Ne2 Qd7 16. Bc3 Rae8 17. Ned4 Nxd4 18. Nxd4 c6 19. b5 c5 20. Nf3 Qf5 21. Qd1 Rxe1+ 22. Bxe1 fxg3 23. fxg3 Nd7 24. Kf2 Bd4+ 0-1

[Event "Australian-ch 2018"]
[Site "Sydney"]
[Date "2018.01.03"]
[Round "3"]
[White "Leaver, Kyle"]
[Black "Solomon, Stephen J"]
[Result "0-1"]
[WhiteElo "1973"]
[BlackElo "2365"]
[Annotator "ChessBase"]
[PlyCount "118"]
[EventDate "2018.01.02"]
[EventType "tourn"]
[EventCountry "AUS"]
[SourceTitle "playchess.com"]
[Source "ChessBase"]
[SourceQuality "1"]
[TimeControl "40/5400+30:1800+30"]

1. d4 {[%emt 0:00:43]} Nf6 {[%emt 0:00:12]} 2. c4 {[%emt 0:00:13]} c5 {[%emt 0:00:33]} 3. d5 {[%emt 0:00:10]} e5 {[%emt 0:00:06]} 4. Nc3 {[%emt 0:00:38]} d6 {[%emt 0:00:06]} 5. e4 {[%emt 0:00:51]} Be7 {[%emt 0:00:06]} 6. g3 {[%emt 0:00:30]} O-O {[%emt 0:04:34]} 7. Bg2 {[%emt 0:01:26]} Ne8 {[%emt 0:00:29]} 8. Nge2 {[%emt 0:03:30]} Bg5 {[%emt 0:00:21]} 9. f4 {[%emt 0:08:53]} exf4 {[%emt 0:00:13]} 10. gxf4 {[%emt 0:00:13]} Bh4+ {[%emt 0:00:11]} 11. Ng3 {[%emt 0:00:12]} f5 {[%emt 0:10:50]} 12. O-O {[%emt 0:05:23]} fxe4 {[%emt 0:00:51]} 13. Ngxe4 {[%emt 0:04:31]} h6 {[%emt 0:11:13]} 14. Qh5 {[%emt 0:13:28]} Bf5 {[%emt 0:01:18]} 15. Ng5 {[%emt 0:06:20]} Bxg5 {[%emt 0:26:29]} 16. fxg5 {[%emt 0:00:13]} g6 {[%emt 0:01:23]} 17. Qxh6 {[%emt 0:00:55]} Qe7 {[%emt 0:04:06]} 18. Be4 {[%emt 0:08:36]} Bxe4 {[%emt 0:08:17]} 19. Rxf8+ {[%emt 0:01:50]} Qxf8 {[%emt 0:00:08]} 20. Nxe4 {[%emt 0:06:38]} Qf5 {[%emt 0:05:38]} 21. Nf6+ {[%emt 0:04:43]} Nxf6 {[%emt 0:02:24]} 22. gxf6 {[%emt 0:00:13]} Qxf6 {[%emt 0:01:06]} 23. Bg5 {[%emt 0:00:22]} Qd4+ {[%emt 0:00:58]} 24. Be3 {[%emt 0:01:20]} Qg4+ {[%emt 0:01:11]} 25. Kh1 {[%emt 0:03:42]} Qe4+ {[%emt 0:01:04]} 26. Kg1 {[%emt 0:00:12]} Nd7 {[%emt 0:04:48]} 27. Qf4 {[%emt 0:01:17]} Re8 {[%emt 0:00:36]} 28. Bd2 {[%emt 0:02:14]} Qd3 {[%emt 0:08:18]} 29. Re1 {[%emt 0:05:53]} Ne5 {[%emt 0:02:11]} 30. Rf1 {[%emt 0:04:31]} Qxc4 {[%emt 0:01:45]} 31. Qxc4 {[%emt 0:02:09]} Nxc4 {[%emt 0:00:05]} 32. Bc3 {[%emt 0:00:09]} Rf8 {[%emt 0:03:24]} 33. Re1 {[%emt 0:01:08]} b5 {[%emt 0:00:57]} 34. Re6 {[%emt 0:00:51]} b4 {[%emt 0:00:23]} 35. Be1 {[%emt 0:06:05]} Rf5 {[%emt 0:00:25]} 36. b3 {[%emt 0:01:30]} Rg5+ {[%emt 0:00:46]} 37. Bg3 {[%emt 0:00:35]} Nb6 {[%emt 0:00:11]} 38. Rxd6 {[%emt 0:00:28]} Kf7 {[%emt 0:00:32]} 39. Rc6 {[%emt 0:00:45]} Rxd5 {[%emt 0:00:30]} 40. Kf1 {[%emt 0:03:11]} Rd2 {[%emt 0:31:07]} 41. Rc7+ {[%emt 0:30:15]} Ke6 {[%emt 0:00:35]} 42. Rxa7 {[%emt 0:00:17]} Nd5 {[%emt 0:00:00]} 43. Ra6+ {[%emt 0:00:00]} Kf5 {[%emt 0:00:00]} 44. Rc6 {[%emt 0:00:00]} Ke4 {[%emt 0:00:00]} 45. Ke1 {[%emt 0:00:00]} Rxa2 {[%emt 0:00:00]} 46. Rxc5 {[%emt 0:00:00]} Rb2 {[%emt 0:00:00]} 47. Kd1 {[%emt 0:00:00]} Rxb3 {[%emt 0:00:00]} 48. Kc2 {[%emt 0:00:00]} Rf3 {[%emt 0:00:00]} 49. Rb5 {[%emt 0:00:00]} Rc3+ {[%emt 0:00:00]} 50. Kb2 {[%emt 0:00:00]} Re3 {[%emt 0:00:00]} 51. Kc2 {[%emt 0:00:00]} g5 {[%emt 0:00:00]} 52. Kd2 {[%emt 0:01:37]} g4 {[%emt 0:01:06]} 53. Kc2 {[%emt 0:02:35]} Rd3 {[%emt 0:01:11]} 54. Rb7 {[%emt 0:00:56]} Ne3+ {[%emt 0:00:20]} 55. Kb2 {[%emt 0:00:24]} Nc4+ {[%emt 0:00:23]} 56. Kc2 {[%emt 0:01:13]} Rc3+ {[%emt 0:00:39]} 57. Kb1 {[%emt 0:00:32]} b3 {[%emt 0:00:42]} 58. Be1 {[%emt 0:03:48]} Rd3 {[%emt 0:01:02]} 59. Bg3 {[%emt 0:00:27]} Rd1# {[%emt 0:00:25]} 0-1

[Event "Australian-ch 2018"]
[Site "Sydney"]
[Date "2018.01.03"]
[Round "3"]
[White "Parle, Hughston"]
[Black "Winkelman, Albert"]
[Result "1/2-1/2"]
[WhiteElo "1961"]
[BlackElo "2017"]
[Annotator "NA"]
[PlyCount "89"]
[EventDate "2018.01.02"]
[EventType "tourn"]
[EventCountry "AUS"]
[SourceTitle "playchess.com"]
[Source "ChessBase"]
[SourceQuality "1"]
[TimeControl "40/5400+30:1800+30"]

1. e4 e5 2. Nf3 Nc6 3. c3 d5 4. d3 Nf6 5. Nbd2 a5 6. Be2 Bc5 7. O-O O-O 8. Qc2 Re8 9. h3 h6 10. Re1 b6 11. Nf1 Bb7 12. Ng3 Bd6 13. Nh2 Ne7 14. Ng4 Ng6 15. Nf5 dxe4 16. Nxf6+ Qxf6 17. dxe4 Bc5 18. Bc4 Nh4 19. Ng3 Rad8 20. Qe2 Bc8 21. Be3 Bxe3 22. Qxe3 Rd6 23. Rad1 Red8 24. Qe2 Ng6 25. Rxd6 Rxd6 26. Rd1 Nf4 27. Qe1 Rxd1 28. Qxd1 Qg5 29. Qa4 Be6 30. Bxe6 fxe6 31. Qd1 h5 32. Qf3 h4 33. Nf1 Qd8 34. Ne3 Qd3 35. Qd1 Qxe4 36. Qd8+ Kf7 37. Qxc7+ Kg6 38. Qc4 Qb1+ 39. Kh2 Kh7 40. b4 Qe1 41. Qe4+ Kg8 42. Qa8+ Kh7 43. Qe4+ Kg8 44. Qa8+ Kh7 45. Qe4+ 1/2-1/2

[Event "Australian-ch 2018"]
[Site "Sydney"]
[Date "2018.01.03"]
[Round "3"]
[White "Asaka, Samuel"]
[Black "Puccini, Jack"]
[Result "0-1"]
[WhiteElo "1959"]
[BlackElo "2278"]
[Annotator "ChessBase"]
[PlyCount "62"]
[EventDate "2018.01.02"]
[EventType "tourn"]
[EventCountry "AUS"]
[SourceTitle "playchess.com"]
[Source "ChessBase"]
[SourceQuality "1"]
[TimeControl "40/5400+30:1800+30"]

1. d4 {[%emt 0:00:00]} Nf6 {[%emt 0:00:05]} 2. c4 {[%emt 0:00:00]} g6 {[%emt 0:00:04]} 3. Nc3 {[%emt 0:00:00]} Bg7 {[%emt 0:00:04]} 4. e4 {[%emt 0:00:00]} d6 {[%emt 0:00:05]} 5. Be2 {[%emt 0:00:00]} O-O {[%emt 0:00:05]} 6. Be3 {[%emt 0:00:00]} e5 {[%emt 0:00:15]} 7. d5 {[%emt 0:00:00]} Na6 {[%emt 0:00:11]} 8. g4 {[%emt 0:00:02]} Nc5 {[%emt 0:00:11]} 9. f3 {[%emt 0:00:06]} h5 {[%emt 0:00:06]} 10. g5 {[%emt 0:00:04]} Nh7 {[%emt 0:00:11]} 11. h4 {[%emt 0:00:07]} f6 {[%emt 0:00:11]} 12. gxf6 {[%emt 0:00:05]} Bxf6 {[%emt 0:03:33]} 13. Bf2 {[%emt 0:00:24]} Be7 {[%emt 0:06:54]} 14. Kd2 {[%emt 0:01:37]} a5 {[%emt 0:13:25]} 15. b3 {[%emt 0:01:53]} c6 {[%emt 0:03:29]} 16. Kc2 {[%emt 0:07:28]} Bd7 {[%emt 0:10:34]} 17. Qe1 {[%emt 0:05:09]} Qc8 {[%emt 0:14:21]} 18. Rd1 {[%emt 0:06:14]} cxd5 {[%emt 0:04:35]} 19. Nxd5 {[%emt 0:01:02]} Bd8 {[%emt 0:00:25]} 20. Kb1 {[%emt 0:04:50]} Nf6 {[%emt 0:04:35]} 21. Bf1 {[%emt 0:10:34]} a4 {[%emt 0:09:48]} 22. b4 {[%emt 0:03:11]} Ne6 {[%emt 0:00:05]} 23. a3 {[%emt 0:08:49]} Nd4 {[%emt 0:10:31]} 24. Rxd4 {[%emt 0:10:07]} exd4 {[%emt 0:00:38]} 25. Bxd4 {[%emt 0:00:10]} Nxd5 {[%emt 0:02:07]} 26. cxd5 {[%emt 0:00:24]} Bf6 {[%emt 0:01:06]} 27. Qd2 {[%emt 0:07:56]} Bxd4 {[%emt 0:02:10]} 28. Qxd4 {[%emt 0:00:03]} Qc7 {[%emt 0:00:19]} 29. Bd3 {[%emt 0:07:40]} Rac8 {[%emt 0:00:59]} 30. Ne2 {[%emt 0:00:10]} Rxf3 {[%emt 0:02:28]} 31. Rg1 {[%emt 0:01:37]} Bb5 {[%emt 0:05:14]} 0-1

[Event "Australian-ch 2018"]
[Site "Sydney"]
[Date "2018.01.04"]
[Round "4"]
[White "Smirnov, Anton"]
[Black "Dale, Ari"]
[Result "1/2-1/2"]
[WhiteElo "2527"]
[BlackElo "2356"]
[Annotator "TA"]
[PlyCount "80"]
[EventDate "2018.01.02"]
[EventType "tourn"]
[EventCountry "AUS"]
[SourceTitle "playchess.com"]
[Source "ChessBase"]
[SourceQuality "1"]

{[%evp 16,80,41,24,59,52,86,81,104,43,50,54,59,56,53,53,41,41,76,72,66,66,62,40,75,0,0,0,0,0,0,0,0,0,17,0,0,0,0,0,0,0,0,0,8,18,8,0,0,0,0,0,0,0,0,0,0,0,0,0,0,0,0,0,0,0,0]} 1. d4 Nf6 2. c4 g6 3. Nc3 d5 4. Nf3 Bg7 5. cxd5 Nxd5 6. Bg5 Nxc3 7. bxc3 c5 8. e3 O-O {A34: Symmetrical English: 2 Nc3, lines with ...d5} (8... Qa5 9. Qd2 Nc6 10. Rb1 a6 11. Be2 O-O 12. h4 e5 13. dxc5 h6 14. h5 Bf5 15. Rxb7 hxg5 16. h6 {0-1 (36) Nepomniachtchi,I (2751)-Karjakin,S (2783) chess.com INT 2017}) 9. Be2 {LiveBook: 17 Games} Bg4 10. h3 $146 ({Predecessor:} 10. O-O Nc6 11. Rb1 Qd7 12. h3 Bf5 13. Rb5 cxd4 14. cxd4 {1-0 (23) Van Wely,L (2653)-Benaddi,M (2074) Rabat 2015}) 10... Bxf3 {White is slightly better.} 11. Bxf3 Qc7 12. Bf4 (12. O-O $16) 12... e5 $14 13. dxe5 {Hoping for e6!} Nc6 14. e6 Bxc3+ 15. Kf1 Be5 16. exf7+ Kg7 {[#]} 17. Bxc6 $1 bxc6 18. g3 $1 Bxf4 19. gxf4 Qxf7 20. Kg2 ({White should play} 20. Qc2 $16) 20... g5 $11 {The position is equal.} 21. Rg1 gxf4 22. e4 Kh8 23. Kh2 Rad8 24. Qc2 c4 25. Rad1 Rxd1 26. Rxd1 {[%mdl 4096] Endgame KQR-KQR} Rg8 {[#] ( -> ...Qg7)} 27. Qc3+ Qg7 28. Rc1 Qxc3 29. Rxc3 {KR-KR} Rg6 30. h4 {[%cal Bh3h4,Bh4h5][%mdl 32]} Kg7 31. h5 Rg5 {Threatens to win with ...Rc5.} 32. Rxc4 c5 33. Kh3 h6 ({Of course not} 33... Rxh5+ 34. Kg4 $16) 34. Kh4 Kf6 35. f3 Ke6 36. Ra4 Ke5 37. Rc4 Kd6 38. Ra4 Ke5 39. Rc4 Kd6 40. Ra4 Ke5 {Precision: White = 72%, Black = 76%.} 1/2-1/2

[Event "Australian-ch 2018"]
[Site "Sydney"]
[Date "2018.01.04"]
[Round "4"]
[White "Illingworth, Max"]
[Black "Xie, George Wendi"]
[Result "1-0"]
[WhiteElo "2494"]
[BlackElo "2369"]
[Annotator "TA"]
[PlyCount "117"]
[EventDate "2018.01.02"]
[EventType "tourn"]
[EventCountry "AUS"]
[SourceTitle "playchess.com"]
[Source "ChessBase"]
[SourceQuality "1"]

{[%evp 14,117,16,33,70,70,77,66,80,76,103,70,168,172,234,235,293,267,268,175,196,151,149,156,162,77,95,99,106,107,129,116,114,64,57,59,59,65,67,47,54,51,169,159,191,165,172,170,168,163,169,156,168,145,209,209,220,220,302,120,327,219,274,186,327,327,385,385,366,381,378,354,356,342,329,285,630,621,608,587,597,597,664,654,716,750,711,732,775,767,2374,2438,2844,2745,5614,6407,5747,5410,29985,29986,29987,29988,29988,29989,29992,29991]} 1. d4 Nf6 2. Bf4 e6 3. e3 b6 4. Nf3 Bb7 5. Bd3 g6 6. c4 Bg7 7. Nc3 O-O 8. O-O Nh5 $146 {E12: Damenindisch (Petrosjan-System und 4. oder 5.Lg5)} ({Vorgänger:} 8... d6 9. e4 Nbd7 10. Re1 Qe8 11. Qd2 e5 12. Bg5 exd4 13. Nxd4 Nc5 14. Bc2 Ng4 15. h3 Ne5 16. b3 {1-0 (35) Borovikov,V (2556)-Bulmaga,I (2383) Paleochora 2016}) 9. Bg5 Qe8 10. e4 {[%cal Be3e4,Be4e5][%mdl 32]} h6 {Weiß steht etwas besser.} 11. Be3 f5 12. Re1 f4 (12... fxe4 $14 13. Bxe4 (13. Nxe4 Nc6 $14) 13... Bxe4 14. Nxe4 d6) 13. Bd2 $18 Nc6 (13... d6 {ist eine bessere Verteidigung.} 14. e5 dxe5) 14. e5 Ne7 15. Nb5 Qd8 16. Nh4 f3 17. g3 {Droht d5 und aus.} (17. gxf3 a6 $14) (17. Nxf3 $6 Bxf3 18. gxf3 Nf5 $14) (17. Nxg6 Nxg6 18. Bxg6 Qh4 $15) 17... a6 18. Nc3 Qe8 {und nun wäre ...g5 stark für Schwarz.} 19. Re3 (19. Qc2 $18 {und Weiss behält klar die Oberhand.} Nf5 20. Bxf5 gxf5 21. d5) 19... g5 $16 20. Nxf3 Qf7 {[%cal Rb7f3]} 21. Ne4 Nf5 ({Nicht} 21... g4 $2 22. Nh4 $18) 22. Nfxg5 Qg6 23. Re1 {Droht stark g4.} hxg5 24. Nxg5 {Und g4 würde nun gewinnen.} Bh6 25. h4 Bxg5 $1 26. Bxg5 Qf7 {...Sxh4! ist eine echte Drohung.} 27. Qg4 $1 Nhg7 (27... Nfg7 $14 28. Be3 Qf3 29. Qxf3 Rxf3) 28. Bf6 $18 Kh7 29. d5 {zielt auf Dg5 ab.} Nh5 30. Bxf5+ exf5 31. Qxf5+ Qg6 {[#]} 32. Qxg6+ $1 ({Schwächer ist} 32. Qxd7+ Rf7 $11) 32... Kxg6 33. Bg5 Rae8 (33... b5 $16 34. b3 Rae8) 34. Rad1 b5 35. c5 Rf3 {[#]} 36. Rd4 $2 (36. c6 $1 $18 {[%mdl 512] bietet bessere Gewinnchancen.} dxc6 37. d6 cxd6 38. Rxd6+ Kg7 39. g4) 36... Ref8 $2 (36... c6 $16 37. g4 Ng7) 37. Re2 R3f5 38. Kg2 ({Jedoch nicht} 38. g4 $6 Rxg5 39. hxg5 Nf4 $16) 38... a5 (38... d6 {ist wohl besser.} 39. cxd6 cxd6) 39. f4 b4 40. Rf2 Ng7 41. g4 R5f7 42. Kg1 Kh7 43. h5 Rg8 44. Rg2 Bxd5 $2 (44... Rff8 45. h6 Ne8) 45. Rxd5 Ne6 46. Rf2 c6 47. Rd6 Rgg7 48. Kg2 Kg8 49. Rxe6 dxe6 {[%mdl 4096] Endspiel KTT-KTL} 50. Rd2 Rd7 51. Rd6 Rxd6 52. exd6 {KT-KL} Rb7 53. Kf3 e5 54. fxe5 {jetzt e6 und aus.} Kf7 55. Bf6 b3 56. a3 {Weiß setzt Matt.} a4 57. g5 {[%cal Bg4g5,Bg5g6,Bg6g7][%mdl 32]} Ke6 58. g6 Rb4 59. g7 {Precision: Weiß = 65%, Schwarz = 31%.} 1-0

[Event "Australian-ch 2018"]
[Site "Sydney"]
[Date "2018.01.04"]
[Round "4"]
[White "Lane, Gary W"]
[Black "Kargosha, Bahman"]
[Result "1/2-1/2"]
[WhiteElo "2401"]
[BlackElo "2210"]
[Annotator "ChessBase"]
[PlyCount "84"]
[EventDate "2018.01.02"]
[EventType "tourn"]
[EventCountry "AUS"]
[SourceTitle "playchess.com"]
[Source "ChessBase"]
[SourceQuality "1"]
[TimeControl "40/5400+30:1800+30"]

1. e4 {[%emt 0:00:00]} e5 {[%emt 0:00:09]} 2. Nf3 {[%emt 0:00:00]} Nc6 {[%emt 0:00:12]} 3. Bb5 {[%emt 0:00:00]} a6 {[%emt 0:00:08]} 4. Ba4 {[%emt 0:00:44]} Nf6 {[%emt 0:00:10]} 5. O-O {[%emt 0:00:07]} Nxe4 {[%emt 0:00:23]} 6. d4 {[%emt 0:01:30]} b5 {[%emt 0:00:07]} 7. Bb3 {[%emt 0:00:19]} d5 {[%emt 0:00:07]} 8. dxe5 {[%emt 0:01:03]} Be6 {[%emt 0:00:07]} 9. Nbd2 {[%emt 0:01:02]} Nc5 {[%emt 0:00:22]} 10. c3 {[%emt 0:01:49]} Be7 {[%emt 0:00:13]} 11. Qe2 {[%emt 0:07:02]} d4 {[%emt 0:11:30]} 12. Bxe6 {[%emt 0:09:44]} Nxe6 {[%emt 0:05:38]} 13. Qe4 {[%emt 0:06:30]} Qd7 {[%emt 0:01:01]} 14. Nxd4 {[%emt 0:10:40]} Nexd4 {[%emt 0:00:56]} 15. cxd4 {[%emt 0:00:04]} Rd8 {[%emt 0:02:25]} 16. Nf3 {[%emt 0:00:11]} Nxd4 {[%emt 0:01:10]} 17. Nxd4 {[%emt 0:04:09]} Qxd4 {[%emt 0:00:12]} 18. Qc6+ {[%emt 0:00:05]} Rd7 {[%emt 0:09:53]} 19. Be3 {[%emt 0:13:08]} Qd5 {[%emt 0:04:31]} 20. Rac1 {[%emt 0:02:41]} O-O {[%emt 0:04:50]} 21. f4 {[%emt 0:02:14]} Qd3 {[%emt 0:08:41]} 22. Rf3 {[%emt 0:10:11]} Rfd8 {[%emt 0:02:39]} 23. f5 {[%emt 0:06:29]} Qe2 {[%emt 0:12:51]} 24. h3 {[%emt 0:00:50]} Qxb2 {[%emt 0:11:55]} 25. Bf4 {[%emt 0:10:17]} Qd4+ {[%emt 0:11:04]} 26. Kh2 {[%emt 0:00:07]} Qb6 {[%emt 0:00:09]} 27. f6 {[%emt 0:02:17]} Qxc6 {[%emt 0:01:57]} 28. Rxc6 {[%emt 0:00:25]} gxf6 {[%emt 0:03:01]} 29. exf6 {[%emt 0:03:00]} Bd6 {[%emt 0:01:11]} 30. Bxd6 {[%emt 0:00:48]} cxd6 {[%emt 0:03:02]} 31. Rxa6 d5 {[%emt 0:00:20]} 32. Rb6 {[%emt 0:01:49]} d4 33. Rg3+ {[%emt 0:02:10]} Kh8 {[%emt 0:02:20]} 34. Rxb5 {[%emt 0:01:19]} Rd6 {[%emt 0:02:31]} 35. Rf3 {[%emt 0:02:32]} d3 {[%emt 0:00:21]} 36. Rb1 {[%emt 0:00:06]} d2 {[%emt 0:00:26]} 37. Rd1 {[%emt 0:00:01]} Rc8 {[%emt 0:01:36]} 38. Rb3 {[%emt 0:00:47]} h6 {[%emt 0:00:36]} 39. Rb2 {[%emt 0:00:17]} Rcd8 {[%emt 0:00:28]} 40. Rb7 {[%emt 0:01:24]} Rxf6 {[%emt 0:30:23]} 41. Rb2 {[%emt 0:30:53]} Rfd6 {[%emt 0:00:00]} 42. a4 {[%emt 0:00:00]} Ra8 {[%emt 0:00:00]} 1/2-1/2